<?xml version="1.0" encoding="UTF-8"?>
<record
    xmlns:xsi="http://www.w3.org/2001/XMLSchema-instance"
    xsi:schemaLocation="http://www.loc.gov/MARC21/slim http://www.loc.gov/standards/marcxml/schema/MARC21slim.xsd"
    xmlns="http://www.loc.gov/MARC21/slim">

  <leader>01911nam a22002537a 4500</leader>
  <controlfield tag="005">20250628091146.0</controlfield>
  <controlfield tag="008">250627b        |||||||| |||| 00| 0 eng d</controlfield>
  <datafield tag="020" ind1=" " ind2=" ">
    <subfield code="a">9780143467663</subfield>
  </datafield>
  <datafield tag="040" ind1=" " ind2=" ">
    <subfield code="c">AL</subfield>
  </datafield>
  <datafield tag="041" ind1=" " ind2=" ">
    <subfield code="a">English</subfield>
  </datafield>
  <datafield tag="082" ind1=" " ind2=" ">
    <subfield code="a">922</subfield>
    <subfield code="b">NANH</subfield>
  </datafield>
  <datafield tag="100" ind1=" " ind2=" ">
    <subfield code="a">Sachin Nandha</subfield>
    <subfield code="9">216406</subfield>
  </datafield>
  <datafield tag="245" ind1=" " ind2=" ">
    <subfield code="a">Hedgewar</subfield>
    <subfield code="b">: A definitive biography</subfield>
  </datafield>
  <datafield tag="260" ind1=" " ind2=" ">
    <subfield code="a">Gurugram</subfield>
    <subfield code="b">Penguin Random house India pvt Ltd</subfield>
    <subfield code="c">2025</subfield>
  </datafield>
  <datafield tag="300" ind1=" " ind2=" ">
    <subfield code="a">401 p.</subfield>
    <subfield code="b">HB</subfield>
    <subfield code="c">24x16 cm.</subfield>
  </datafield>
  <datafield tag="365" ind1=" " ind2=" ">
    <subfield code="a">KSCR-000225</subfield>
    <subfield code="b">&#x20B9;800.00</subfield>
    <subfield code="c">&#x20B9;</subfield>
    <subfield code="d">&#x20B9;999.00</subfield>
    <subfield code="e">20%</subfield>
    <subfield code="f">20-06-2025</subfield>
  </datafield>
  <datafield tag="520" ind1=" " ind2=" ">
    <subfield code="a">Hedgewar chronicles the untold story of the enigmatic founder of the Rashtriya Swayamsevak Sangh (RSS), whose vision for India&#x2019;s cultural revival continues to shape the nation&#x2019;s socio-political landscape. Through meticulous research and vivid storytelling, this biography traces Hedgewar&#x2019;s journey from an orphaned child in colonial India to the mastermind behind one of the world&#x2019;s most secretive organizations.
Set against the backdrop of a country grappling with colonial rule, rising communal tensions, and the complexities of modernity, this book opens a window to Hedgewar&#x2019;s philosophy of cultural nationalism, his challenges with contemporaries like Gandhi, Nehru and Savarkar, and his transformative leadership. It explores his inner struggles to make sense of his own critique of Hindu society.
More than a biography, this work is a window into the labyrinth of India&#x2019;s civilizational ethos, offering a nuanced perspective on the RSS&#x2019;s origins and its impact on India today. Hedgewar: A Definitive Biography is a must-read for those seeking to understand modern India&#x2019;s complexities through the life of one controversial, yet extraordinary man.</subfield>
  </datafield>
  <datafield tag="650" ind1=" " ind2=" ">
    <subfield code="a">Biography</subfield>
    <subfield code="9">216386</subfield>
  </datafield>
  <datafield tag="650" ind1=" " ind2=" ">
    <subfield code="a">Focus</subfield>
    <subfield code="9">216387</subfield>
  </datafield>
  <datafield tag="650" ind1=" " ind2=" ">
    <subfield code="a">Rashtriya Swayamsevak Sangh (RSS)</subfield>
    <subfield code="9">216388</subfield>
  </datafield>
  <datafield tag="650" ind1=" " ind2=" ">
    <subfield code="a">Significance</subfield>
    <subfield code="9">216389</subfield>
  </datafield>
  <datafield tag="650" ind1=" " ind2=" ">
    <subfield code="a">Exploration</subfield>
    <subfield code="9">216390</subfield>
  </datafield>
  <datafield tag="942" ind1=" " ind2=" ">
    <subfield code="2">ddc</subfield>
    <subfield code="c">BK</subfield>
  </datafield>
  <datafield tag="999" ind1=" " ind2=" ">
    <subfield code="c">234559</subfield>
    <subfield code="d">234559</subfield>
  </datafield>
  <datafield tag="952" ind1=" " ind2=" ">
    <subfield code="0">0</subfield>
    <subfield code="1">0</subfield>
    <subfield code="2">ddc</subfield>
    <subfield code="4">0</subfield>
    <subfield code="7">0</subfield>
    <subfield code="8">PS</subfield>
    <subfield code="a">AL</subfield>
    <subfield code="b">AL</subfield>
    <subfield code="d">2025-06-23</subfield>
    <subfield code="e">Navakarnataka Publications Pvt Ltd Mangaluru-575001</subfield>
    <subfield code="g">800.00</subfield>
    <subfield code="l">0</subfield>
    <subfield code="o">922 NANH</subfield>
    <subfield code="p">077711</subfield>
    <subfield code="r">2025-06-27 16:48:48</subfield>
    <subfield code="v">999.00</subfield>
    <subfield code="w">2025-06-20</subfield>
    <subfield code="y">BK</subfield>
  </datafield>
</record>
